LEADER 01244nam0-22004091i-450- 001 990000024820403321 005 20110309192914.0 035 $a000002482 035 $aFED01000002482 035 $a(Aleph)000002482FED01 035 $a000002482 100 $a20110309d1968----km-y0itay50------ba 101 0 $aita 102 $aIT 105 $aa-------001yy 200 1 $a<>costruzione delle navi militari$fFranco Spinelli 210 $aNapoli$cLiguori$d1968 215 $a492 p.$cill.$d23 cm 300 $aIn testa al front.: Istituto di costruzioni navali della Facoltà di ingegneria dell'Università degli studi di Napoli 610 0 $aNavi militari$aCostruzione 676 $a623.825 700 1$aSpinelli,$bFranco$f<1949- >$01931 801 0$aIT$bUNINA$gRICA$2UNIMARC 901 $aBK 912 $a990000024820403321 952 $a13 E 62 17$b28187$fFINBC 952 $a05 62 74$b1495$fDININ 952 $a05 64 242$fDININ 952 $a05 CN 39 85$b1799$fDININ 952 $a05 CN 43 9$b625$fDININ 952 $a05 CN 43 7$b779$fDININ 952 $a05 CN 29 85$fDININ 952 $a05 CN 43 8$fDININ 959 $aFINBC 959 $aDININ 996 $aCostruzione delle navi militari$9107118 997 $aUNINA LEADER 01017nam0-22003611i-450 001 990003346260403321 005 20171106111748.0 035 $a000334626 100 $a20030910d1978----km-y0itay50------ba 101 0 $aita 105 $ay-------001yy 200 1 $aRetorica e storia$fHaiden White$gtraduzione di Pasquale Vitulano 210 $aNapoli$cGuida$dstampa 1978 215 $a2 v. 225 1 $aTascabili$v19$v20 610 0 $aFilosofia della storia$aSec 19. 610 0 $aStoriografia 676 $a901 676 $a907.2 700 1$aWhite,$bHayden V.$f<1928- >$0211362 801 0$aIT$bUNINA$gRICA$2UNIMARC 901 $aBK 912 $a990003346260403321 952 $a901 WHI$bLINGUE 860$fDECLI 952 $a901 WHI /2$bLINGUE 861$fDECLI 952 $aDIC WHI 1$fBFS$b1037 952 $a907.2 WHI 1 (1)$bFIL CLASS 466A$fFLFBC 952 $a907.2 WHI 1 (2)$bFIL CLASS 466B$fFLFBC 959 $aDECLI 959 $aBFS 959 $aFLFBC 996 $aMetahistory$920059 997 $aUNINA LEADER 01177nam2-2200373---450- 001 990003258650203316 005 20090528160144.0 010 $a978-1-4073-0309-3 035 $a000325865 035 $aUSA01000325865 035 $a(ALEPH)000325865USA01 035 $a000325865 100 $a20090528d2008----km-y0itay50------ba 101 $afre 102 $aGB 105 $a||||||||001yy 200 1 $aHomosexualité et imaginaire sexuel chez les Aztèques$fNicolas Balutet 210 $aOxford$cArchaeopress$d2008 215 $a193 p.$cill.$d30 cm 225 2 $aBAR International series$v1823 225 2 $aParis monographs in American archaeology$v22 410 0$1001000018484$aBAR International series 606 0 $aAztechi$xCostumi sessuali$2BNCF 676 $a972.018 700 1$aBALUTET,$bNicolas$0604518 801 0$aIT$bsalbc$gISBD 912 $a990003258650203316 951 $aXI.5. Coll.12/563$b211568 L.M.$cXI.5.$d00015543 959 $aBK 969 $aUMA 979 $aGIUSY$b90$c20090528$lUSA01$h1559 979 $aGIUSY$b90$c20090528$lUSA01$h1601 996 $aHomosexualité et imaginaire sexuel chez les Aztèques$91119977 997 $aUNISA